00341nam a2200121Ia 4500008004100000041000800041082001200049100002100061245004500082260004800127300003100175365001300206240624s9999 xx 000 0 und d aeng a828 BER aBERNERS LEE MIKE aHOW BAD ARE BANANAS THE CARBON FOOTPRINT c2011aNew DelhibViva Books Private Limited axiv, : 239 : p. : cm. ; 20 cRSb33.5